000 00346 a2200157 4500
001 72406
020 _a8532901611
040 _cAnchieta - Colégio São Paulo
100 _aAlbergaria, Lino de
240 1 0 _aAlice no metrô
_lpor
245 1 0 _aAlice no metrô
300 _a80
362 0 _a1993
650 4 _aLiteratura juvenil
942 _cBK
999 _c72406
_d72406